The pronunciation of English

This edition of The Pronunciation of English incorporates the final results of Daniel Jones' lifelong study of English pronunciation usage. It is the standard work on English phonetics and the name of its author will, in the words of Professor A. C. Gimson, 'remain in linguistic history as...

全面介绍

Đã lưu trong:
书目详细资料
主要作者: Jones, Daniel
格式: 图书
语言:Undetermined
出版: Cambride, U.K. Cambridge University Press 2004
主题:
标签: 添加标签
没有标签, 成为第一个标记此记录!
Thư viện lưu trữ: Trung tâm Học liệu Trường Đại học Cần Thơ
LEADER 01639nam a2200217Ia 4500
001 CTU_124041
008 210402s9999 xx 000 0 und d
020 |c 418000 
082 |a 421.52 
082 |b J76 
100 |a Jones, Daniel 
245 4 |a The pronunciation of English 
245 0 |c Daniel Jones 
260 |a Cambride, U.K. 
260 |b Cambridge University Press 
260 |c 2004 
520 |a This edition of The Pronunciation of English incorporates the final results of Daniel Jones' lifelong study of English pronunciation usage. It is the standard work on English phonetics and the name of its author will, in the words of Professor A. C. Gimson, 'remain in linguistic history as the great authority on the pronunciation of British English in the twentieth century'. The Pronunciation of English was written originally as a detailed description of the phonetics of English, presented from the point of vew of the native English-speaking student. However, it soon established itself as a standard textbook in universities where English is a foreign language, because it provides in a lucid and authoritative manner the basic information needed by foreign students of the language. Most of the book is devoted to a descriptive account of English pronunciation. This is followed by illustrative texts in phonetic transcription of Received Pronunciation and several regional varieties, Scottish and American pronunciation and reconstructions of Shakespearian and Chaucerian speech. 
650 |a English language 
650 |x Pronunciation 
904 |i Minh 
980 |a Trung tâm Học liệu Trường Đại học Cần Thơ